000 01088nam0a22002531 4500
001 rc\2991201
005 20250810054553.0
035 _a(NLR Aleph) 007135282
090 _a7000459
_c7000459
100 _a20110915d1942 u y0rusy50 ca
101 0 _arus
102 _aRU
105 _ay b |||||
200 1 _aКаталог выставки лучших произведений советского искусства
_fКомитет по делам искусств при СНК СССР. Филиал Гос. Третьяковской галереи
210 _aНовосибирск
_cБ. и.
_d1942
300 _aИсточник: Выставки совет. изобразительного искусства: Справочник. М., 1973. т. III. 1941-1947, с. 89
700 1 _aАцаркина
_bЭ.Н.
_f1903-
_gЭсфирь Николаевна
801 0 _aRU
_bNLR
_gpsbo
801 1 _aRU
_bELAR
_2rusmarc
852 _aNLR
_jDesideratum
942 _cBOOK
945 _aРоссийская национальная библиотека
980 _aNB
980 _aBV